00000000nam 2200000zi 4500
0019.561013
003CaOODSP
00520221221110433
007cr |||||||||||
008150406s2002    xxc|||||o    f|0| 0 eng d
040 |aCaOODSP|beng
043 |an-cn---
0861 |aYM32-6/01-28E-PDF
1001 |aCôté, François, |eauthor.
24510|aChemoterrorism / |cFrançois Côté and Geneviève Smith.
264 1|bLibrary of Parliament, |cJanuary 15, 2002.
300 |a1 online resource (1 volume (17 pages)) : |btable
336 |atext|btxt|2rdacontent
337 |acomputer|bc|2rdamedia
338 |aonline resource|bcr|2rdacarrier
4901 |a[Modular backgrounders] ; |vPRB 01-28E
590 |a07-01-Supp|b2007-01-31
69007|aTerrorism|2gcpds
69007|aChemicals|2gcpds
7101 |aCanada.|bLibrary of Parliament. |bParliamentary Research Branch, |eissuing body.
77508|tLe terrorisme chimique / |w(CaOODSP)9.593675
830#0|a[Modular backgrounders]|vPRB 01-28E|w(CaOODSP)9.504922
85640|ahttp://publications.gc.ca|qPDF|s185 KB|uhttps://publications.gc.ca/collections/Collection-R/LoPBdP/PRB-e/PRB0128-e.pdf|yPRB 01-28E